[Event "Challenge"]
[Site "http://www.queenalice.com/game.php?id=741869"]
[Date "2010.3.6"]
[Round "-"]
[White "mestredosmagos"]
[Black "willyanF"]
[Result "0-1"]
[WhiteElo "1739"]
[BlackElo "1909"]

1. g3 e5 2. d3 d5 3. Bg2 Nf6 4. Nf3 Bd6 5. O-O O-O 6. Bg5 h6 7. Bxf6 Qxf6 8. Nc3
Be6 9. Nb5 Rd8 10. Nxd6 Rxd6 11. Qd2 e4 12. Ne1 Qxb2 13. a3 Qxa1 14. Qb4 Rb6 15.
Qd2 exd3 16. Nxd3 Rb1 17. Rxb1 Qxb1+ 18. Bf1 Nc6 19. Qc1 Qxc1 20. Nxc1 Re8 21.
c3 Na5 22. e3 Nc4 23. a4 Bd7 24. Nb3 Bxa4 25. Nc5 Bc6 26. h3 b6 27. Na6 Re7 28.
Nb4 Bb7 29. Kg2 Nd2 30. Be2 a5 31. Nc2 c5 32. Na3 Ne4 33. Nb5 Ba6 34. f3 Bxb5
35. Bxb5 Nxc3 36. Bf1 a4 37. e4 dxe4 38. fxe4 Rxe4 39. Bd3 Rd4 40. Bc2 Rd2+ 41.
Kf3 Rxc2 42. g4 a3 43. Kg3 a2 44. Kh4 a1=Q 45. Kg3 Qe1+ 46. Kf4 Rf2+ 47. Kg3
Rf1+ 48. Kh2 Qf2# 0-1

[Event "Challenge"]
[Site "http://www.queenalice.com/game.php?id=742891"]
[Date "2010.3.8"]
[Round "-"]
[White "mestredosmagos"]
[Black "uschmidi"]
[Result "0-1"]
[WhiteElo "1788"]
[BlackElo "1984"]

1. g3 d5 2. Bg2 e5 3. d3 Nf6 4. Bg5 Be7 5. Bxf6 Bxf6 6. Nf3 e4 7. Ng1 Bxb2 8.
Nd2 Bxa1 9. Qxa1 O-O 10. dxe4 dxe4 11. Nxe4 c6 12. Nf3 Bf5 13. Neg5 Bxc2 14. O-O
h6 15. Nh3 Re8 16. e3 Nd7 17. Qb2 Bd3 18. Qxb7 Bxf1 19. Bxf1 Qc8 20. Qb1 Rb8 21.
Qa1 Nf6 22. Nf4 Qf5 23. Be2 Rb1+ 24. Qxb1 Qxb1+ 25. Bf1 Rd8 26. Kg2 Qxa2 27. Nd4
Ne4 28. Nfe2 Qd5 29. f3 Nd2 30. e4 Qc5 31. Kf2 Rxd4 32. Nxd4 Qxd4+ 33. Kg2 Qe3
34. Ba6 Qxf3+ 35. Kh3 g5 36. Bb7 h5 37. Bxc6 Qf1# 0-1

[Event "Challenge"]
[Site "http://www.queenalice.com/game.php?id=742892"]
[Date "2010.3.8"]
[Round "-"]
[White "mestredosmagos"]
[Black "roda"]
[Result "0-1"]
[WhiteElo "1805"]
[BlackElo "1992"]

1. g3 e5 2. d3 d5 3. Bg2 d4 4. Nf3 f6 5. Qd2 Nc6 6. O-O Bb4 7. Qd1 Be6 8. Bd2
Qe7 9. Bxb4 Qxb4 10. b3 O-O-O 11. a3 Qa5 12. Nbd2 g5 13. Ne4 g4 14. Nh4 f5 15.
Nd2 Qc5 16. b4 Qc3 17. Bxc6 Qxc6 18. c4 a6 19. Nb1 e4 20. Qd2 Nf6 21. Qg5 exd3
22. exd3 Bd7 23. Nxf5 Bxf5 24. Qd2 Qf3 25. Qf4 Qxf4 26. gxf4 Bxd3 27. Rc1 Nh5
28. c5 Nxf4 29. Rd1 h5 30. Nd2 Rhf8 31. Re1 h4 32. Ne4 h3 33. Ng5 Ne2+ 34. Kf1
Nf4+ 35. Kg1 Rf5 36. Ne6 Nxe6 37. Rxe6 Bc4 38. Rg6 Be2 39. Re1 d3 40. Rxe2 dxe2
41. Re6 Rd1# 0-1

[Event "Challenge"]
[Site "http://www.queenalice.com/game.php?id=742893"]
[Date "2010.3.8"]
[Round "-"]
[White "mestredosmagos"]
[Black "rodrigoma"]
[Result "0-1"]
[WhiteElo "1716"]
[BlackElo "1982"]

1. g3 Nf6 2. Bg2 g6 3. Nf3 d6 4. O-O Bg7 5. d3 O-O 6. Bg5 h6 7. Bxf6 Bxf6 8.
Nbd2 c5 9. c3 Nc6 10. Ne4 Bg7 11. a3 e6 12. d4 cxd4 13. cxd4 d5 14. Nc5 b6 15.
Nb3 a5 16. Qc1 Bb7 17. Ne5 Na7 18. e3 Rc8 19. Qe1 Ba6 20. Nd2 Bxf1 21. Qxf1 Nc6
22. Nxc6 Rxc6 23. b3 Rc2 24. Rd1 Qe7 25. e4 Qxa3 26. exd5 exd5 27. Bxd5 Rc7 28.
Ne4 Qb4 29. Bc4 a4 30. Rb1 Bxd4 31. h3 Kg7 32. h4 f5 33. Nd2 Qxd2 0-1

[Event "Challenge"]
[Site "http://www.queenalice.com/game.php?id=742894"]
[Date "2010.3.8"]
[Round "-"]
[White "mestredosmagos"]
[Black "anmarton"]
[Result "0-1"]
[WhiteElo "1796"]
[BlackElo "2000"]

1. g3 d5 2. Bg2 c5 3. Nf3 Nc6 4. O-O e5 5. d3 f6 6. Qd2 Be6 7. Qc3 Bd6 8. Qb3
Qd7 9. Nbd2 Nge7 10. Nb1 g5 11. Qc3 h5 12. Na3 a6 13. b3 O-O-O 14. Qd2 h4 15. c4
Bh3 16. Bxh3 Qxh3 17. cxd5 Nxd5 18. Nc4 Nf4 19. gxf4 gxf4 20. Ng5 Rhg8 21. f3
Rxg5+ 22. Kf2 Rg2+ 23. Ke1 Nd4 24. Nb6+ Kb8 25. Rf2 Rg1+ 26. Rf1 Qxf1# 0-1

[Event "Challenge"]
[Site "http://www.queenalice.com/game.php?id=748395"]
[Date "2010.3.19"]
[Round "-"]
[White "mestredosmagos"]
[Black "ReidoBaralho"]
[Result "0-1"]
[WhiteElo "1774"]
[BlackElo "1592"]

1. g3 e5 2. d3 Bb4+ 3. Bd2 Bc5 4. Bg2 Qf6 5. Nf3 d5 6. O-O e4 7. dxe4 Qxb2 8.
Nc3 dxe4 9. Ne1 Nf6 10. Nxe4 Nxe4 11. Bxe4 Qd4 12. Bg2 O-O 13. Nf3 Qf6 14. Bf4
Na6 15. Qb1 h6 16. Be5 Qf5 17. Bd4 b6 18. Bxc5 Qxc5 19. Nh4 c6 20. Qb2 Nb4 21.
Be4 Bh3 22. Bg2 Bg4 23. Bf3 Bh3 24. Bg2 Nxc2 25. Rac1 Bf5 26. Nxf5 Qxf5 27. Rxc2
Rad8 28. Rd2 h5 29. Rxd8 Rxd8 30. Bxc6 h4 31. e4 Qg6 32. Bd5 hxg3 33. fxg3 Qh6
34. Qb3 Rd7 35. Bxf7+ Kh7 36. e5 Rd2 37. Qb1+ Kh8 38. h4 Qe3+ 39. Kh1 Qxg3 40.
Qg6 Qh2# 0-1

[Event "Challenge"]
[Site "http://www.queenalice.com/game.php?id=758388"]
[Date "2010.4.9"]
[Round "-"]
[White "mestredosmagos"]
[Black "lobispito"]
[Result "0-1"]
[WhiteElo "1711"]
[BlackElo "1756"]

1. g3 e5 2. d3 d5 3. Nf3 e4 4. dxe4 dxe4 5. Ng5 Qxd1+ 6. Kxd1 Bf5 7. e3 Bg4+ 8.
Be2 Bxe2+ 9. Kxe2 Nf6 10. b3 Nc6 11. Bb2 Be7 12. Bxf6 Bxf6 13. Nd2 Bxa1 14. Rxa1
f5 15. Ne6 Kf7 16. Nxc7 Rad8 17. Nb5 a5 18. c3 Rd7 19. b4 Rhd8 20. Rd1 axb4 21.
cxb4 Nxb4 22. a3 Na2 23. h3 Rd5 24. Nc7 Nc3+ 25. Ke1 R5d7 26. Nb5 Nxd1 27. Kxd1
Rxd2+ 28. Kc1 Rxf2 29. g4 Rh2 30. gxf5 Rdd2 0-1

[Event "Challenge"]
[Site "http://www.queenalice.com/game.php?id=758389"]
[Date "2010.4.9"]
[Round "-"]
[White "mestredosmagos"]
[Black "spin"]
[Result "0-1"]
[WhiteElo "1685"]
[BlackElo "1687"]

1. g3 Nf6 2. Bg2 Nc6 3. Nf3 d5 4. d3 g6 5. Bg5 Bg7 6. Bxf6 Bxf6 7. O-O Bxb2 8.
Nbd2 Bxa1 9. Qxa1 d4 10. c3 Bg4 11. cxd4 Bxf3 12. Nxf3 f6 13. Qb2 O-O 14. Qxb7
Nxd4 15. Nxd4 Rb8 16. Qxa7 Qd7 17. a4 e5 18. Nc2 Qd6 19. a5 c6 20. a6 Rf7 21.
Qe3 c5 22. Bb7 Qb6 23. Qf3 h5 24. Ne3 f5 25. Nc4 Qc7 26. Qd5 Rd8 27. Qf3 Rh7 28.
Qe3 f4 29. Qxe5 Qxe5 30. Nxe5 fxg3 31. fxg3 g5 32. Nc6 Re8 33. e4 h4 34. gxh4
gxh4 35. Kf2 h3 0-1

[Event "Challenge"]
[Site "http://www.queenalice.com/game.php?id=758390"]
[Date "2010.4.9"]
[Round "-"]
[White "mestredosmagos"]
[Black "ReidoBaralho"]
[Result "1/2-1/2"]
[WhiteElo "1719"]
[BlackElo "1682"]

1. g3 h5 2. Nf3 e6 3. d3 f6 4. Bg2 g5 5. Nc3 h4 6. Ne4 hxg3 7. hxg3 Rxh1+ 8.
Bxh1 g4 9. Nh2 f5 10. Nc3 a6 11. b3 b5 12. Bxa8 c6 13. Bb2 d5 14. Qd2 Qc7 15.
O-O-O Qa7 16. Bxc6+ Nxc6 17. Kb1 Qxf2 18. Nf1 d4 19. e3 Qxd2 20. Rxd2 dxc3 21.
Bxc3 Bh6 22. Re2 e5 23. e4 f4 24. gxf4 Bxf4 25. Rg2 a5 26. Rxg4 Bxg4 27. a4 Bh3
28. axb5 Nd8 29. Nd2 Bd7 30. b6 Nb7 31. d4 exd4 32. Bxd4 Bxd2 33. Kb2 Bc6 34. e5
Ke7 35. c3 Nh6 36. Kc2 Be1 37. Kd1 Bg3 38. Kc2 Ke6 39. Kb2 Nf5 40. Bg1 Kxe5 41.
c4 Nh4 42. Ka3 Nf3 43. Bc5 Nxc5 44. b4 axb4+ 45. Kxb4 Nb7 46. c5 Be1+ 47. Kc4
Na5+ 48. Kd3 Kd5 49. Ke2 Nd4+ 50. Kxe1 Kxc5 51. Kd2 Nab3+ 52. Kc3 Kxb6 53. Kc4
Bb5+ 54. Kc3 Kc5 55. Kb2 Kb4 56. Ka2 Bc4 57. Kb2 Ne2 58. Kc2 Na1+ 59. Kd1 Nb3
1/2-1/2

[Event "Challenge"]
[Site "http://www.queenalice.com/game.php?id=767968"]
[Date "2010.4.29"]
[Round "-"]
[White "mestredosmagos"]
[Black "Markus1234567"]
[Result "0-1"]
[WhiteElo "1697"]
[BlackElo "1935"]

1. g3 e5 2. d3 d5 3. Nf3 Nd7 4. Bh3 Ngf6 5. Bxd7+ Nxd7 6. Bg5 Be7 7. Bc1 O-O 8.
b3 d4 9. Bb2 c5 10. Na3 a6 11. Ng1 b5 12. f3 f5 13. h3 Qa5+ 14. Qd2 b4 15. Nb1
Qc7 0-1